<?xml version="1.0" encoding="UTF-8"?>
<record
    xmlns:xsi="http://www.w3.org/2001/XMLSchema-instance"
    xsi:schemaLocation="http://www.loc.gov/MARC21/slim http://www.loc.gov/standards/marcxml/schema/MARC21slim.xsd"
    xmlns="http://www.loc.gov/MARC21/slim">

  <leader>04430nam a22004217a 4500</leader>
  <controlfield tag="001">BRCA_8605</controlfield>
  <controlfield tag="002">CO8-440</controlfield>
  <controlfield tag="003">FranzMayer</controlfield>
  <controlfield tag="005">20260505155817.0</controlfield>
  <controlfield tag="006">a||||gr|||| 00| 0 </controlfield>
  <controlfield tag="007">ta</controlfield>
  <controlfield tag="008">260310s1750    sp ||||grf||| 00| 0 spa d</controlfield>
  <datafield tag="040" ind1=" " ind2=" ">
    <subfield code="a">BMFM</subfield>
    <subfield code="b">spa</subfield>
  </datafield>
  <datafield tag="041" ind1="0" ind2=" ">
    <subfield code="a">spa</subfield>
  </datafield>
  <datafield tag="050" ind1=" " ind2="4">
    <subfield code="a">R5920</subfield>
    <subfield code="b">.F68 1748</subfield>
  </datafield>
  <datafield tag="100" ind1="1" ind2=" ">
    <subfield code="a">Fouquet, Marie de Maupeou,</subfield>
    <subfield code="d">(1590-1681)</subfield>
    <subfield code="9">30078</subfield>
  </datafield>
  <datafield tag="245" ind1="1" ind2="0">
    <subfield code="a">Obras medico- chirurgicas de Madama Fouquet, economia de la salud del cuerpo humano:</subfield>
    <subfield code="b">Econom&#xED;a de la salud del cuerpo humano: ahorro de medicos cirujanos y botica: prontuario de secretos caseros, faciles,  y seguros en la practica sin cifras Medicas, para que todos puedan usar de ellos en bien de los Pobres, y Enfermos; Sacados, y comprados de los medicos y cirujanos m&#xE1;s famosos de toda la Europa, con la solicitud, y caudales de la dicha insigne Matrona (Abuela del Mariscal de Francia Mr. el Duque de Belle-ilse, bien celebre en nuestros tiempos) para curar por s&#xED; misma en los pobres todo genero de males, aun los que hasta aora han sido tenidos por incurables /</subfield>
    <subfield code="c">Marie de Maupeou Fouquet</subfield>
  </datafield>
  <datafield tag="246" ind1="1" ind2="0">
    <subfield code="a">Obras medico- chirurgicas de Madama Fouquet</subfield>
  </datafield>
  <datafield tag="260" ind1=" " ind2=" ">
    <subfield code="a">Valladolid, Espa&#xF1;a :</subfield>
    <subfield code="b">Alonso del Riego,</subfield>
    <subfield code="c">1750</subfield>
  </datafield>
  <datafield tag="300" ind1=" " ind2=" ">
    <subfield code="a">[14], X [10], 129 , [1], 122 p&#xE1;ginas;</subfield>
    <subfield code="c">26.5 x 20 x 3.5 cm</subfield>
  </datafield>
  <datafield tag="520" ind1="3" ind2=" ">
    <subfield code="a">Dividida en dos tomos, ofrece una recopilaci&#xF3;n de conocimientos, recetas, preparaciones y tratamientos para el cuidado y la salud del cuerpo humano, as&#xED; como algunas t&#xE9;cnicas quir&#xFA;rgicas comunes en el siglo XVIII. Fue escrita en un contexto hist&#xF3;rico en el que la medicina segu&#xED;a la concepci&#xF3;n gal&#xE9;nica de los humores, por Marie de Maupeou, Vizcondesa de Vaux e hija de Gilles de Maupeau (1553-1641), un intendente e inspector general de finanzas de la corte francesa.</subfield>
    <subfield code="b">Con m&#xE1;s de cincuenta ediciones en franc&#xE9;s y traducidas al italiano, alem&#xE1;n, portugu&#xE9;s y espa&#xF1;ol, esta obra constituye un testimonio destacado de una mujer en una &#xE9;poca en la que el &#xE1;mbito cient&#xED;fico estaba dominado por hombres.</subfield>
  </datafield>
  <datafield tag="563" ind1=" " ind2=" ">
    <subfield code="a">Otras referencias f&#xED;sicas: Encuadernaci&#xF3;n entera en piel. El papel del cuerpo del libro est&#xE1; formado por pulpa de trapo, hecho a mano, con marcas de verjurado. El cuerpo del libro est&#xE1; formado por cuadernillos unidos mediante una costura que no fue posible identificar, debido a que el cuerpo se volvi&#xF3; a coser en alg&#xFA;n momento de su historia. Las hojas de guarda son parte de la reencuadernaci&#xF3;n. Lomera con cajo. Cabezadas industriales adheridas [posteriores]. Cantos del cuerpo refinados. Soportes de las tapas probablemente de cart&#xF3;n. Tejuelo caf&#xE9; en el lomo. Texto impreso</subfield>
  </datafield>
  <datafield tag="591" ind1=" " ind2=" ">
    <subfield code="a">Estado de Conservaci&#xF3;n: Bueno</subfield>
  </datafield>
  <datafield tag="591" ind1=" " ind2=" ">
    <subfield code="b">Descripci&#xF3;n de conservaci&#xF3;n: Reencuadernado: se volvi&#xF3; a coser, se le agregaron hojas de guarda, se le sac&#xF3; el cajo, se adhirieron cabezadas industriales, y se le hizo la cartera entera en piel. En algunas hojas presenta suciedad, manchas, faltantes y roturas. Faltan p&#xE1;ginas iniciales</subfield>
  </datafield>
  <datafield tag="592" ind1=" " ind2=" ">
    <subfield code="a">Marcas Adicionales: Dividido en dos partes. La primera, debido a que le faltan las p&#xE1;ginas iniciales, no presenta portada, mientras que la segunda parte s&#xED; incluye portada. En la p&#xE1;gina [7] se incluye la licencia de impresi&#xF3;n, donde se menciona: &lt;&lt;Tiene Feancisco Monroy y Olaso licencia de los Se&#xF1;ores del Real, y Supremo Consejo de Castilla, para imprimir este Tomo, como consta mas largamente por la certificacion dada por Don Miguel Fernandez Munilla en Madrid &#xE1; 21. de Marzo de 1748.&gt;&gt;. Incluye: &lt;&lt;Advertencias al lector&gt;&gt;, [tomo I], [9 p.]. &#xCD;ndice &lt;&lt;De los t&#xED;tulos principales&gt;&gt;  [tomo I], [11 p.] e &#xCD;ndice General &lt;&lt;De las cosas m&#xE1;s notables&gt;&gt; [tomo II], [123 p.]. Nota manuscrita en la p&#xE1;gina V: [Camino Via &#x2026;]</subfield>
  </datafield>
  <datafield tag="593" ind1=" " ind2=" ">
    <subfield code="a">Tratados, compendios y manuales</subfield>
  </datafield>
  <datafield tag="648" ind1=" " ind2="0">
    <subfield code="a">Viceroyalty period</subfield>
    <subfield code="y">Viceroyalty (1535-1821)</subfield>
    <subfield code="9">30116</subfield>
  </datafield>
  <datafield tag="650" ind1="1" ind2="0">
    <subfield code="a">Traditional medicine</subfield>
    <subfield code="y">Early works to 1800</subfield>
    <subfield code="9">30117</subfield>
  </datafield>
  <datafield tag="650" ind1="1" ind2="0">
    <subfield code="a">Home remedies</subfield>
    <subfield code="y">Early works to 1800</subfield>
    <subfield code="9">30118</subfield>
  </datafield>
  <datafield tag="650" ind1="1" ind2="0">
    <subfield code="a">Women in medicine</subfield>
    <subfield code="x">History</subfield>
    <subfield code="9">30119</subfield>
  </datafield>
  <datafield tag="650" ind1="1" ind2="0">
    <subfield code="a">Women authors</subfield>
    <subfield code="x">History</subfield>
    <subfield code="z">France</subfield>
    <subfield code="9">30120</subfield>
  </datafield>
  <datafield tag="700" ind1="1" ind2=" ">
    <subfield code="a">Moya y Correa, Francisco,</subfield>
    <subfield code="e">traductor</subfield>
    <subfield code="9">30083</subfield>
  </datafield>
  <datafield tag="700" ind1="1" ind2=" ">
    <subfield code="a">Riego, Alonso del,</subfield>
    <subfield code="d">(fl.1700-1762),</subfield>
    <subfield code="e">impresor</subfield>
    <subfield code="9">30084</subfield>
  </datafield>
  <datafield tag="856" ind1="4" ind2="1">
    <subfield code="q">TIF//PDF</subfield>
    <subfield code="u">https://bibliotecadigital.franzmayer.org.mx/items/eb82f1fb-22ad-434d-873b-dbf2f016038c</subfield>
    <subfield code="y">Biblioteca Digital Franz Mayer</subfield>
  </datafield>
  <datafield tag="902" ind1=" " ind2=" ">
    <subfield code="a">KH</subfield>
    <subfield code="a">TV</subfield>
    <subfield code="a">FM</subfield>
  </datafield>
  <datafield tag="942" ind1=" " ind2=" ">
    <subfield code="2">lcc</subfield>
    <subfield code="c">B</subfield>
  </datafield>
  <datafield tag="960" ind1=" " ind2=" ">
    <subfield code="a">CS-L2-N2</subfield>
  </datafield>
  <datafield tag="999" ind1=" " ind2=" ">
    <subfield code="c">11103</subfield>
    <subfield code="d">11103</subfield>
  </datafield>
  <datafield tag="952" ind1=" " ind2=" ">
    <subfield code="a">BRCA</subfield>
    <subfield code="b">BRCA</subfield>
    <subfield code="f">CS-L2-N2</subfield>
    <subfield code="i">CO8-440</subfield>
    <subfield code="l">0</subfield>
    <subfield code="o">R5920 .F68 1748 (CO8-440)</subfield>
    <subfield code="p">LAR00116</subfield>
    <subfield code="r">2026-03-10 12:33:00</subfield>
    <subfield code="y">B</subfield>
    <subfield code="0">0</subfield>
    <subfield code="1">0</subfield>
    <subfield code="2">lcc</subfield>
    <subfield code="5">2</subfield>
    <subfield code="7">0</subfield>
    <subfield code="8">LAR</subfield>
  </datafield>
</record>
